Detection of Gossans in Sonora (Mexico) with the use of remote sensing techniques

Elmentve itt :
Bibliográfiai részletek
Szerző: Getinger Krzysztof
Testületi szerző: International Students Geological Conference (5.) (2014) (Budapest)
Dokumentumtípus: Cikk
Megjelent: Department of Mineralogy, Geochemistry and Petrology, University of Szeged Szeged 2014
Sorozat:Acta mineralogica-petrographica 8
Acta mineralogica-petrographica : abstract series 8
Kulcsszavak:Földtan - Mexikó - előadáskivonat
Tárgyszavak:
Online Access:http://acta.bibl.u-szeged.hu/44182
LEADER 01016nab a2200229 i 4500
001 acta44182
005 20260212142139.0
008 170224s2014 hu o 000 eng d
022 |a 0324-6523, 1589-4835 
040 |a SZTE Egyetemi Kiadványok Repozitórium  |b hun 
041 |a eng 
100 1 |a Getinger Krzysztof 
245 1 0 |a Detection of Gossans in Sonora (Mexico) with the use of remote sensing techniques  |h [elektronikus dokumentum] /  |c  Getinger Krzysztof 
260 |a Department of Mineralogy, Geochemistry and Petrology, University of Szeged  |b Szeged  |c 2014 
300 |a 35 
490 0 |a Acta mineralogica-petrographica  |v 8 
490 0 |a Acta mineralogica-petrographica : abstract series  |v 8 
650 4 |a Természettudományok 
650 4 |a Föld- és kapcsolódó környezettudományok 
695 |a Földtan - Mexikó - előadáskivonat 
710 |a International Students Geological Conference (5.) (2014) (Budapest) 
856 4 0 |u http://acta.bibl.u-szeged.hu/44182/1/mineralogica_as_008_035.pdf  |z Dokumentum-elérés